2023 : 1 actualité par semaine - Statistiques

Statistiques générales
  • Ce quiz a été pris 237 fois
  • Le résultat moyen est 22 sur 52
Statistiques - réponses
Semaine Jour Indice Réponse % Correct
2 10 janvier R Présentation du projet de réforme des {retraites}
95%
11 17 mars A La Cour pénale internationale émet un mandat d'{arrêt} contre Vladimir Poutine
87%
3 19 janvier M Premières {manifestations} contre la réforme
87%
5 4 février S Début du tournoi des {six} nations
86%
1 1er janvier C Adhésion de la {Croatie} à la zone euro
85%
6 10 février V Cérémonie des {Victoires} de la musique
81%
40 7 octobre H Départ de la guerre entre Israël et le {Hamas}
75%
8 24 février C Cérémonie des {Césars}
74%
20 16 mai C Début du festival de {Cannes}
74%
36 8 septembre R Début de la coupe du monde de {rugby}
73%
12 20 mars A Adoption du projet de réforme par le biais de l'{article} 49.3
72%
21 24 mai T Mort de Tina {Turner}
71%
39 29 septembre C Une motion de {censure} est présentée contre le gouvernement Borne.
71%
30 26 juillet N Coup d'Etat au {Niger}
67%
15 14 avril C Le conseil {constitutionnel} valide le texte de la réforme
67%
14 8 avril M Effondrement d'un immeuble à {Marseille}, huit morts
65%
49 4 décembre E Attentat à Paris près de la Tour {Eiffel}
63%
31 1er août F Mort de Geneviève de {Fontenay}
62%
34 25 août B Début de la coupe du monde masculine de {Basket}
60%
42 17 octobre N Les députés russes révoquent la ratification du traité d'interdiction complète des essais {nucléaires}.
57%
28 16 juillet B Mort de Jane {Birkin}
56%
50 16 décembre N Election de Miss France 2024 remportée par Miss {Nord-Pas-de-Calais}
54%
25 21 juin E Explosion de la rue Saint-Jacques à Paris et {effondrement} d'un immeuble. 3 morts
51%
22 2 juin I Accident ferroviaire en {Inde} 275 morts
44%
27 8 juillet E Disparition d'{Emile} dans les Alpes-de-Haute-Provence
39%
9 1er mars C Cérémonie des Victoires de la musique {classique}
36%
41 13 octobre A Attaque au couteau au lycée Gambetta-Carnot d'{Arras}
35%
13 2 avril R La convention citoyenne sur la fin de vie remet son {rapport} au gouverment
35%
29 23 juillet T Fin du {Tour} {de} {France} et début de la compétition féminine
34%
23 8 juin A Attaque au couteau à {Annecy}
29%
7 13 février A L'{astéroïde} 2023 CX se désintègre au-dessus de la France
29%
37 12 septembre M Bataille de Bourem au {Mali}
27%
38 24 septembre S Elections {sénatoriales}
27%
45 6 novembre C Début du procès du garde des sceaux devant la {Cour} {de} {justice} de la République
25%
35 30 août P Le chef de l'Etat rencontre à Saint-Denis les chefs de {partis}
25%
24 16 juin C Séisme en {Charente-maritime} et dans les Deux-Sèvres
25%
10 7 mars L Plus grande manifestation en France depuis la {Libération}
24%
43 29 octobre H Départ du {Havre} de la transat Jacques-Vabre
22%
4 25 janvier F Début du festival du film {fantastique} de Gérardmer
19%
51 20 décembre R Démission du ministre de la Santé, Aurélien {Rousseau}
17%
32 9 août H Incendie d'un gite dans le {Haut-Rhin}, neuf morts
16%
17 24 avril M Cérémonie des {Molières} à Paris
15%
19 13 mai L Concours eurovision de la chanson remporté par {Loreen} pour la Suède
14%
52 27 décembre D Mort de Jacques {Delors}
13%
33 17 août C Début de {canicule}
12%
48 2 décembre B Attentat du pont de {Bir-Hakeim} à Paris
9%
47 26 novembre C Concours eurovision junior à Nice, remporté par Zoé avec la chanson {Coeur}
9%
26 29 juin F Le conseil d'Etat confirme l'interdiction pour les {footballeuses} de porter le foulard islamique...
8%
44 1er novembre V Ouverture de la cité internationale de la langue françaises à {Villers-Cotterêts}
8%
46 17 novembre S Pour la 1ère fois, la température moyenne mondiale a été de 2°C supérieure à celle de la moyenne {saisonnière} à l'ère pré-industrielle
8%
18 5 mai S Mort de Philippe {Sollers}
4%
16 19 avril M Annonce de la découverte des {mirusvirus}
0%
Aucun quiz correspondant
Distribution des résultats
% des personnes avec chaque résultat
Percentile par nombre de réponses
Votre historique - résultats
Vous n’avez pas pris ce quiz